| 000 | 00649nab a2200169Ia 4500 | ||
|---|---|---|---|
| 003 | ES-SlBCS | ||
| 005 | 20210601133737.0 | ||
| 008 | 140529s2003 xxu||||| |||| 00| 0 por d | ||
| 041 | _apor | ||
| 100 | 1 |
_aDela Coleta, José Augusto _9209074 |
|
| 245 | 0 | 0 |
_aMotivaçoes sociais e rendimento acadêmico universitário _c José Augusto Dela Coleta, Dinorah Maria Almeida E Borges, Marília Ferreira Dela Coleta |
| 650 | 0 | 4 |
_aMotivaciones _9133070 |
| 700 | 1 |
_aAlmeida e Borges, Dinorah Maria _9209075 |
|
| 700 | 1 |
_aDela Coleta, Marília Ferreira _9209076 |
|
| 773 | 0 |
_tEducaçao e Filosofia _gvol. 17, nº. 33, 2003, págs. 47-62 _wRev1534 |
|
| 942 | _cAR | ||
| 999 |
_c601410 _d601410 |
||